000 00478nam a2200133Ia 4500
008 181023s9999 xx 000 0 und d
020 _a9781119313007
100 _aBen-Shahar, Tal.
245 _cTal Ben-Shahar, Angus Ridgway.--
_aThe Joy of leadership :
_bhow positive psychology can maximize your impact ( and make you happier ) in a challenging world /
260 _aUSA :
_bWiley
_c2017
300 _aix, 227 pages.
650 _aLeadership.
650 _aPositive psychology.
999 _c359335
_d359335